-ar -er or -or? Quiz Stats

 Plays Quiz Updated Apr 8, 2018

Score 0/14 Timer 03:00
7 Plays Today
Stem Answer % Correct
jogg???
94.7%
bak???
94.4%
bank???
94.2%
maj???
93.6%
doct???
93.4%
rac???
89.9%
auth???
89.2%
Stem Answer % Correct
debt???
88.1%
mis???
85.7%
burgl???
83.4%
don???
80.5%
begg???
77.6%
vic???
71%
burs???
56.9%

You're not logged in!

Compare scores with friends on all Sporcle quizzes.
OR
Log In

You Might Also Like...

Show Comments

Extras

Top Quizzes Today


Score Distribution

Your Account Isn't Verified!

In order to create a playlist on Sporcle, you need to verify the email address you used during registration. Go to your Sporcle Settings to finish the process.

Report this User

Report this user for behavior that violates our Community Guidelines.

Details: